Применение струи низкотемпературных продуктов сгорания для тепловой защиты корпуса РДТТ с вкладным зарядом; XXIII Всероссийский семинар по струйным, отрывным и нестационарным течениям

Dettagli Bibliografici
Parent link:XXIII Всероссийский семинар по струйным, отрывным и нестационарным течениям.— 2012.— [С. 41-46]
Ente Autore: Национальный исследовательский Томский политехнический университет (ТПУ) Энергетический институт (ЭНИН) Кафедра теоретической и промышленной теплотехники (ТПТ)
Altri autori: Борисов Б. В. Борис Владимирович, Бондарчук С. С., Жуков А. С., Куриленко Н. И., Мамонтов Г. Я. Геннадий Яковлевич
Riassunto:Заглавие с экрана
Lingua:russo
Pubblicazione: 2012
Soggetti:
Accesso online:http://www.lib.tpu.ru/fulltext/c/2012/C31/012.pdf
Natura: MixedMaterials Elettronico Capitolo di libro
KOHA link:https://koha.lib.tpu.ru/cgi-bin/koha/opac-detail.pl?biblionumber=246214

MARC

LEADER 00000naa2a2200000 4500
001 246214
005 20260116091112.0
035 |a (RuTPU)RU\TPU\book\267657 
035 |a RU\TPU\book\260754 
090 |a 246214 
100 |a 20131126d2012 k y0rusy50 ca 
101 0 |a rus 
102 |a RU 
135 |a drcn ---uucaa 
181 0 |a i  
182 0 |a b 
200 1 |a Применение струи низкотемпературных продуктов сгорания для тепловой защиты корпуса РДТТ с вкладным зарядом  |f Б. В. Борисов [и др.] 
203 |a Текст  |c электронный 
215 |a 1 файл(411 Кб) 
300 |a Заглавие с экрана 
320 |a [Библиогр.: с. 46 (5 назв.)] 
337 |a Adobe Reader 
463 1 |0 (RuTPU)RU\TPU\book\259736  |t XXIII Всероссийский семинар по струйным, отрывным и нестационарным течениям  |o сборник трудов Всероссийского семинара с международным участием, 26-28 июня 2012 г., Томск  |f Национальный исследовательский Томский политехнический университет (ТПУ)  |v [С. 41-46]  |d 2012 
610 1 |a электронный ресурс 
610 1 |a труды учёных ТПУ 
610 1 |a низкотемпературные процессы 
610 1 |a тепловая защита 
610 1 |a заряды 
610 1 |a струйное движение 
610 1 |a РДТТ 
701 1 |a Борисов  |b Б. В.  |c специалист в области теплотехники  |c профессор Томского политехнического университета, доктор физико-математических наук  |f 1954-  |g Борис Владимирович  |3 (RuTPU)RU\TPU\pers\27008  |9 12593 
701 1 |a Бондарчук  |b С. С. 
701 1 |a Жуков  |b А. С. 
701 1 |a Куриленко  |b Н. И. 
701 1 |a Мамонтов  |b Г. Я.  |c математик  |c профессор Томского политехнического университета, доктор физико-математических наук  |f 1945-  |g Геннадий Яковлевич  |3 (RuTPU)RU\TPU\pers\35352 
712 0 2 |a Национальный исследовательский Томский политехнический университет (ТПУ)  |b Энергетический институт (ЭНИН)  |b Кафедра теоретической и промышленной теплотехники (ТПТ)  |3 (RuTPU)RU\TPU\col\18679 
801 1 |a RU  |b 63413507  |c 20101016 
801 2 |a RU  |b 63413507  |c 20151016  |g RCR 
856 4 |u http://www.lib.tpu.ru/fulltext/c/2012/C31/012.pdf 
942 |c CF